Catálogo

Vista normal Vista MARC

Entrada Personal Name

Número de registros utilizados en: 1

001 - CONTROL NUMBER

  • control field: 17729

003 - CONTROL NUMBER IDENTIFIER

  • control field: DLC

005 - DATE AND TIME OF LATEST TRANSACTION

  • control field: 20251124150321.0

008 - FIXED-LENGTH DATA ELEMENTS

  • fixed length control field: 061031n| acannaabn |a aaa c

010 ## - LIBRARY OF CONGRESS CONTROL NUMBER

  • LC control number: no2006116216

035 ## - SYSTEM CONTROL NUMBER

  • System control number: (OCoLC)oca07094550

040 ## - CATALOGING SOURCE

  • Original cataloging agency: MX-ZcUA
  • Language of cataloging: spa
  • Transcribing agency: Mx-PuUPA
  • Modifying agency: Mx-PuUPA
  • Description conventions: rda

100 1# - HEADING--PERSONAL NAME

  • Personal name: Rimada Pen̋a, Belarmino,

374 ## - OCCUPATION

  • Occupation: Autor

375 ## - GENDER

  • Gender: hombre

377 ## - ASSOCIATED LANGUAGE

  • Language code: spa

400 1# - SEE FROM TRACING--PERSONAL NAME

  • Personal name: Pen̋a, Belarmino Rimada

670 ## - SOURCE DATA FOUND

  • Source citation: Manual de interpretación para los inventarios de orientación profesional, 1990:
  • Information found: t.p. (Belmarino Rimada Pen̋a)